<?xml version="1.0" encoding="UTF-8"?>
<marc:record xmlns:marc="http://www.loc.gov/MARC21/slim">
   <marc:leader>00000nam a2200000 a 4500</marc:leader>
   <marc:datafield ind1="1" ind2=" " tag="100">
      <marc:subfield code="a">Lehmann, Regula</marc:subfield>
      <marc:subfield code="4">aut</marc:subfield>
      <marc:subfield code="e">Verfasser/-in</marc:subfield>
   </marc:datafield>
   <marc:datafield ind1="0" ind2="0" tag="245">
      <marc:subfield code="a">Wir Powergirls</marc:subfield>
   </marc:datafield>
   <marc:datafield ind1="0" ind2="0" tag="245">
      <marc:subfield code="b">Das schlaue Mädchenbuch</marc:subfield>
   </marc:datafield>
   <marc:datafield ind1=" " ind2="1" tag="264">
      <marc:subfield code="a">[s.l.]</marc:subfield>
      <marc:subfield code="b">fontis</marc:subfield>
      <marc:subfield code="c">2016</marc:subfield>
   </marc:datafield>
   <marc:datafield ind1=" " ind2=" " tag="250">
      <marc:subfield code="a">1. Aufl.</marc:subfield>
   </marc:datafield>
   <marc:datafield ind1="1" ind2=" " tag="520">
      <marc:subfield code="a">Über die Autoren -- Titel -- Impressum -- Inhalt -- Wir Powergirls -- Kapitel 1: Kapitel 1: Schön, dass es Dich gibt -- Kapitel 2: Best Friends: Echt gute Beziehungen aufbauen -- Kapitel 3: Super, echt und einfach ich -- Kapitel 4: Lästern, Meckern, Mobbing und mehr -- Kapitel 5: Frauenpower: Was bei den Mädchen in der Pubertät abgeht -- Kapitel 6: Ein Haus für das Baby -- Kapitel 7: Tage, Fruchtbarkeit, Zyklus und Co. -- Kapitel 8: Babystory: Schwangerschaft und Geburt -- Kapitel 9: Jungensachen: Was sich bei den Jungs verändert -- Kapitel 10: Schmetterlinge, Herzschmerz und Co</marc:subfield>
   </marc:datafield>
   <marc:datafield ind1=" " ind2=" " tag="020">
      <marc:subfield code="a">9783038480839</marc:subfield>
      <marc:subfield code="9">9783038480839</marc:subfield>
   </marc:datafield>
   <marc:datafield ind1=" " ind2=" " tag="041">
      <marc:subfield code="a">ger</marc:subfield>
   </marc:datafield>
   <marc:datafield ind1="1" ind2=" " tag="521">
      <marc:subfield code="a">0</marc:subfield>
   </marc:datafield>
   <marc:datafield ind1=" " ind2=" " tag="300">
      <marc:subfield code="a">1 Online-Ressource (</marc:subfield>
   </marc:datafield>
</marc:record>
